000 00509nam a22001697a 4500
005 20240809081644.0
008 240809b |||||||| |||| 00| 0 eng d
020 _a0702118508
041 _aEnglish
082 _a349 SOU
100 _lEnglish
245 _aJuta's Index and Annotations to the South African Law Reports 1980-1986
260 _aCape Town:
_bJuta and Company Ltd,
_c1987
300 _b1100 pages;
_c25 cm.
650 _aLegal practice
_bLaw
942 _cBK
_6ALISON_BN_VRIES
999 _c2530
_d2530